েচােখর কথা/ (Record no. 50803)

MARC details
000 -LEADER
fixed length control field 00763nam a22002177a 4500
005 - DATE AND TIME OF LATEST TRANSACTION
control field 20110224145937.0
008 - FIXED-LENGTH DATA ELEMENTS--GENERAL INFORMATION
fixed length control field 110224t xxu||||| |||| 00| 0ben d
010 ## - LCCN (DPL NO)
LC control number BEN-8385
020 ## - INTERNATIONAL STANDARD BOOK NUMBER
International Standard Book Number 9788177568141
Terms of availability 150.00
035 ## - SYSTEM CONTROL NUMBER
System control number BN-6590
037 ## - SOURCE OF ACQUISITION
Source of stock number/acquisition DBAD/PUB
040 ## - CATALOGING SOURCE
Original cataloging agency DPL
Language of cataloging BN
100 ## - MAIN ENTRY--PERSONAL NAME
9 (RLIN) 26208
Personal name সরকার পূেণন্দু
245 ## - TITLE STATEMENT
Title েচােখর কথা/
Statement of responsibility, etc সরকার পূেণন্দু
246 ## - VARYING FORM OF TITLE
Title proper/short title Chokher Katha
Remainder of title by Purnendu Sarkar
260 ## - PUBLICATION, DISTRIBUTION, ETC. (IMPRINT)
Place of publication, distribution, etc কলকাতা
Name of publisher, distributor, etc ্আন্নদ পাবিলিশং
Date of publication, distribution, etc 2009
270 ## - ADDRESS
Address 45 েবিনয়ােটালা েলন
City কলকাতা
Postal code 700073
300 3# - PHYSICAL DESCRIPTION
Extent 204 p
Dimensions 22cm (HB)
700 ## - ADDED ENTRY--PERSONAL NAME
9 (RLIN) 26212
942 ## - ADDED ENTRY ELEMENTS (KOHA)
Source of classification or shelving scheme Dewey Decimal Classification
Item type Bengali Books
Call number suffix সরকা
Classification part

No items available.


© Delhi Public Library
Hit Counter
free hit counter